| 000 | 00996cam a2200217 4500 | ||
|---|---|---|---|
| 001 | ABS67138 | ||
| 008 | 031027n2003 000 0 eng u | ||
| 035 | _a(Sirsi) u124049 | ||
| 100 | _aJohnson, R. | ||
| 245 | _aCracks: valuable lessons - read the warning signs to stay one step ahead | ||
| 260 | _c2003 | ||
| 490 |
_aChurch Building _v (83) September/October 2003, 70-71(2) |
||
| 520 | _aGives a short guide on how to decide if cracks in a church or ecclesiastical building are serious. Suggests an initial inspection, the initialisation of a crack survey, the monitoring of cracks, the analysis of the cause and then a decision on whether further action is necessary. Gives a small table which can be used to monitor the cracking. | ||
| 590 | _aABS | ||
| 650 | _aCHURCH BUILDINGS | ||
| 650 | _aECCLESIASTICAL BUILDINGS | ||
| 650 | _aCRACKING | ||
| 650 | _aCRACK MONITORING | ||
| 690 | _aBUILT ENVIRONMENT-BUILDING MAINTENANCE AND REFURBISHMENT-BUILDING CONSERVATION | ||
| 942 | _n0 | ||
| 999 |
_c73649 _d73649 |
||